<?xml version="1.0" encoding="UTF-8"?>
<record
    xmlns:xsi="http://www.w3.org/2001/XMLSchema-instance"
    xsi:schemaLocation="http://www.loc.gov/MARC21/slim http://www.loc.gov/standards/marcxml/schema/MARC21slim.xsd"
    xmlns="http://www.loc.gov/MARC21/slim">

  <leader>05895nam a22005537a 4500</leader>
  <controlfield tag="005">20110926102023.0</controlfield>
  <datafield tag="010" ind1=" " ind2=" ">
    <subfield code="a">ENG-103819  B-444817-821  B-464649-663</subfield>
  </datafield>
  <datafield tag="020" ind1=" " ind2=" ">
    <subfield code="a">9780198074908</subfield>
    <subfield code="c">485.00</subfield>
  </datafield>
  <datafield tag="020" ind1=" " ind2=" ">
    <subfield code="a">0198074905</subfield>
    <subfield code="c">485.00</subfield>
  </datafield>
  <datafield tag="035" ind1=" " ind2=" ">
    <subfield code="a">EN-87352  B-464649-663</subfield>
  </datafield>
  <datafield tag="037" ind1=" " ind2=" ">
    <subfield code="b">DBAD/PUB</subfield>
  </datafield>
  <datafield tag="037" ind1=" " ind2=" ">
    <subfield code="b">Allied Pub/Ven</subfield>
  </datafield>
  <datafield tag="037" ind1=" " ind2=" ">
    <subfield code="b">RBC/Ven</subfield>
  </datafield>
  <datafield tag="082" ind1=" " ind2=" ">
    <subfield code="a">306.60954</subfield>
  </datafield>
  <datafield tag="245" ind1="z" ind2=" ">
    <subfield code="a">India's religions  :</subfield>
    <subfield code="c">edited by T.N. Madan</subfield>
    <subfield code="b">perspectives from sociology and history / </subfield>
  </datafield>
  <datafield tag="250" ind1=" " ind2=" ">
    <subfield code="a">2nd ed</subfield>
  </datafield>
  <datafield tag="260" ind1=" " ind2=" ">
    <subfield code="a">New Delhi</subfield>
    <subfield code="b">Oxford University Press</subfield>
    <subfield code="c">2011</subfield>
  </datafield>
  <datafield tag="270" ind1=" " ind2=" ">
    <subfield code="a">YMCA Library Building, Jai Singh Road</subfield>
    <subfield code="b">New Delhi</subfield>
    <subfield code="e">110001</subfield>
  </datafield>
  <datafield tag="300" ind1=" " ind2=" ">
    <subfield code="a">xvii,460p. </subfield>
    <subfield code="c">23cm (pbk)</subfield>
  </datafield>
  <datafield tag="500" ind1=" " ind2=" ">
    <subfield code="a">Includes bibliographical references and index</subfield>
  </datafield>
  <datafield tag="505" ind1=" " ind2=" ">
    <subfield code="a">The eucharist in a syrian Christian church / Susan Visvanathan -- The food area in a hindu home / R.S. Khare -- Death and cosmogony in Kashi / Jonathan P. Parry -- Hindu worship / C.J. Fuller -- Virashaiva devotion / A.K. Ramanujan -- Faith and suffering in shia Islam / Akbar S. Ahmed -- Jain monks / Lawrence A. Babb -- Muslim spiritual masters / Desiderio Pinto -- Sikh martyrs / Louis E. Fenech -- Folklore / Viramma, Josiane Racine, and Jean-Luc Racine -- Dharma / Gavin Flood -- The Khalsa rahit / W.H. Mcleod -- The Kabir-panth / David N. Lorenzen -- The Ramakrishna Mission / Krishna Prakash Gupta -- Ambedkar's Buddhism / Martin Fuchs -- The South Indian temple : authority, honour, and redistribution / Arjun Appadurai and Carol A. Breckenridge -- Church and community in Goa / Rowena Robinson -- Religious devotion and politics at Hazratbal in Kashmir / Muhammad Ishaq Khan.</subfield>
  </datafield>
  <datafield tag="520" ind1=" " ind2=" ">
    <subfield code="a">Contributed articles.</subfield>
  </datafield>
  <datafield tag="650" ind1=" " ind2=" ">
    <subfield code="a">Religion and sociology </subfield>
    <subfield code="z"> India.</subfield>
    <subfield code="9">49397</subfield>
  </datafield>
  <datafield tag="700" ind1=" " ind2=" ">
    <subfield code="9">34822</subfield>
    <subfield code="a">Madan, T. N.</subfield>
  </datafield>
  <datafield tag="942" ind1=" " ind2=" ">
    <subfield code="2">ddc</subfield>
    <subfield code="c">EN</subfield>
    <subfield code="m">IND</subfield>
    <subfield code="h">306.60954</subfield>
  </datafield>
  <datafield tag="999" ind1=" " ind2=" ">
    <subfield code="c">56964</subfield>
    <subfield code="d">56964</subfield>
  </datafield>
  <datafield tag="952" ind1=" " ind2=" ">
    <subfield code="0">0</subfield>
    <subfield code="1">0</subfield>
    <subfield code="2">ddc</subfield>
    <subfield code="4">0</subfield>
    <subfield code="7">1</subfield>
    <subfield code="8">NFIC</subfield>
    <subfield code="a">DBAD</subfield>
    <subfield code="b">DBAD</subfield>
    <subfield code="d">2011-09-26</subfield>
    <subfield code="e">DBAD/PUB</subfield>
    <subfield code="g">485.00</subfield>
    <subfield code="l">0</subfield>
    <subfield code="o">306.60954 IND</subfield>
    <subfield code="p">EN-87352</subfield>
    <subfield code="r">2011-09-26 00:00:00</subfield>
    <subfield code="t">1</subfield>
    <subfield code="v">485.00</subfield>
    <subfield code="w">2011-09-26</subfield>
    <subfield code="y">EN</subfield>
  </datafield>
  <datafield tag="952" ind1=" " ind2=" ">
    <subfield code="0">0</subfield>
    <subfield code="1">0</subfield>
    <subfield code="4">0</subfield>
    <subfield code="7">0</subfield>
    <subfield code="8">NFIC</subfield>
    <subfield code="a">L</subfield>
    <subfield code="b">L</subfield>
    <subfield code="d">2012-02-21</subfield>
    <subfield code="e">Allied Pub/1077/16.09.2011/78/14.3.11/12.10.11</subfield>
    <subfield code="g">485.00</subfield>
    <subfield code="l">2</subfield>
    <subfield code="o">306.60954 IND</subfield>
    <subfield code="p">B-444817</subfield>
    <subfield code="r">2018-03-24 00:00:00</subfield>
    <subfield code="s">2018-03-10</subfield>
    <subfield code="t">1</subfield>
    <subfield code="v">485.00</subfield>
    <subfield code="w">2012-02-21</subfield>
    <subfield code="y">EN</subfield>
  </datafield>
  <datafield tag="952" ind1=" " ind2=" ">
    <subfield code="0">0</subfield>
    <subfield code="1">0</subfield>
    <subfield code="4">0</subfield>
    <subfield code="7">0</subfield>
    <subfield code="8">NFIC</subfield>
    <subfield code="a">BL1</subfield>
    <subfield code="b">BL1</subfield>
    <subfield code="d">2012-02-21</subfield>
    <subfield code="e">Allied Pub/1077/16.09.2011/78/14.3.11/12.10.11</subfield>
    <subfield code="g">485.00</subfield>
    <subfield code="l">3</subfield>
    <subfield code="m">2</subfield>
    <subfield code="o">306.60954 IND</subfield>
    <subfield code="p">B-444818</subfield>
    <subfield code="r">2023-08-30 00:00:00</subfield>
    <subfield code="s">2023-08-21</subfield>
    <subfield code="t">1</subfield>
    <subfield code="v">485.00</subfield>
    <subfield code="w">2012-02-21</subfield>
    <subfield code="y">EN</subfield>
  </datafield>
  <datafield tag="952" ind1=" " ind2=" ">
    <subfield code="0">0</subfield>
    <subfield code="1">0</subfield>
    <subfield code="4">0</subfield>
    <subfield code="7">0</subfield>
    <subfield code="8">NFIC</subfield>
    <subfield code="a">ZLS</subfield>
    <subfield code="b">ZLS</subfield>
    <subfield code="d">2012-02-21</subfield>
    <subfield code="e">Allied Pub/1077/16.09.2011/78/14.3.11/12.10.11</subfield>
    <subfield code="g">485.00</subfield>
    <subfield code="l">1</subfield>
    <subfield code="o">306.60954 IND</subfield>
    <subfield code="p">B-444819</subfield>
    <subfield code="r">2019-10-09 00:00:00</subfield>
    <subfield code="s">2019-09-07</subfield>
    <subfield code="t">1</subfield>
    <subfield code="v">485.00</subfield>
    <subfield code="w">2012-02-21</subfield>
    <subfield code="y">EN</subfield>
  </datafield>
  <datafield tag="952" ind1=" " ind2=" ">
    <subfield code="0">0</subfield>
    <subfield code="1">0</subfield>
    <subfield code="4">0</subfield>
    <subfield code="7">0</subfield>
    <subfield code="8">NFIC</subfield>
    <subfield code="a">BL3</subfield>
    <subfield code="b">BL3</subfield>
    <subfield code="d">2012-02-21</subfield>
    <subfield code="e">Allied Pub/1077/16.09.2011/78/14.3.11/12.10.11</subfield>
    <subfield code="g">485.00</subfield>
    <subfield code="l">0</subfield>
    <subfield code="o">306.60954 IND</subfield>
    <subfield code="p">B-444820</subfield>
    <subfield code="r">2012-02-21 00:00:00</subfield>
    <subfield code="t">1</subfield>
    <subfield code="v">485.00</subfield>
    <subfield code="w">2012-02-21</subfield>
    <subfield code="y">EN</subfield>
  </datafield>
  <datafield tag="952" ind1=" " ind2=" ">
    <subfield code="0">0</subfield>
    <subfield code="1">0</subfield>
    <subfield code="4">0</subfield>
    <subfield code="7">0</subfield>
    <subfield code="8">NFIC</subfield>
    <subfield code="a">BL4</subfield>
    <subfield code="b">BL4</subfield>
    <subfield code="d">2012-02-21</subfield>
    <subfield code="e">Allied Pub/1077/16.09.2011/78/14.3.11/12.10.11</subfield>
    <subfield code="g">485.00</subfield>
    <subfield code="l">1</subfield>
    <subfield code="m">2</subfield>
    <subfield code="o">306.60954 IND</subfield>
    <subfield code="p">B-444821</subfield>
    <subfield code="r">2019-07-19 00:00:00</subfield>
    <subfield code="s">2019-06-04</subfield>
    <subfield code="t">1</subfield>
    <subfield code="v">485.00</subfield>
    <subfield code="w">2012-02-21</subfield>
    <subfield code="y">EN</subfield>
  </datafield>
  <datafield tag="952" ind1=" " ind2=" ">
    <subfield code="0">0</subfield>
    <subfield code="1">0</subfield>
    <subfield code="4">0</subfield>
    <subfield code="7">0</subfield>
    <subfield code="8">NFIC</subfield>
    <subfield code="a">L</subfield>
    <subfield code="b">L</subfield>
    <subfield code="d">2012-06-21</subfield>
    <subfield code="e">RBC/28006/09.03.2012/26/18.01.2012/21.03.2012</subfield>
    <subfield code="g">485.00</subfield>
    <subfield code="l">0</subfield>
    <subfield code="o">306.60954 IND</subfield>
    <subfield code="p">B-464649</subfield>
    <subfield code="r">2012-06-21 00:00:00</subfield>
    <subfield code="t">1</subfield>
    <subfield code="v">485.00</subfield>
    <subfield code="w">2012-06-21</subfield>
    <subfield code="y">EN</subfield>
  </datafield>
  <datafield tag="952" ind1=" " ind2=" ">
    <subfield code="0">0</subfield>
    <subfield code="1">0</subfield>
    <subfield code="4">0</subfield>
    <subfield code="7">0</subfield>
    <subfield code="8">NFIC</subfield>
    <subfield code="a">NPL</subfield>
    <subfield code="b">NPL</subfield>
    <subfield code="d">2012-06-21</subfield>
    <subfield code="e">RBC/28006/09.03.2012/26/18.01.2012/21.03.2012</subfield>
    <subfield code="g">485.00</subfield>
    <subfield code="l">0</subfield>
    <subfield code="o">306.60954 IND</subfield>
    <subfield code="p">B-464650</subfield>
    <subfield code="r">2012-06-21 00:00:00</subfield>
    <subfield code="t">1</subfield>
    <subfield code="v">485.00</subfield>
    <subfield code="w">2012-06-21</subfield>
    <subfield code="y">EN</subfield>
  </datafield>
  <datafield tag="952" ind1=" " ind2=" ">
    <subfield code="0">0</subfield>
    <subfield code="1">0</subfield>
    <subfield code="4">0</subfield>
    <subfield code="7">0</subfield>
    <subfield code="8">NFIC</subfield>
    <subfield code="a">BL1</subfield>
    <subfield code="b">BL1</subfield>
    <subfield code="d">2012-06-21</subfield>
    <subfield code="e">RBC/28006/09.03.2012/26/18.01.2012/21.03.2012</subfield>
    <subfield code="g">485.00</subfield>
    <subfield code="l">1</subfield>
    <subfield code="m">1</subfield>
    <subfield code="o">306.60954 IND</subfield>
    <subfield code="p">B-464651</subfield>
    <subfield code="r">2023-05-24 00:00:00</subfield>
    <subfield code="s">2023-05-03</subfield>
    <subfield code="t">1</subfield>
    <subfield code="v">485.00</subfield>
    <subfield code="w">2012-06-21</subfield>
    <subfield code="y">EN</subfield>
  </datafield>
  <datafield tag="952" ind1=" " ind2=" ">
    <subfield code="0">0</subfield>
    <subfield code="1">0</subfield>
    <subfield code="4">0</subfield>
    <subfield code="7">0</subfield>
    <subfield code="8">NFIC</subfield>
    <subfield code="a">KGM</subfield>
    <subfield code="b">KGM</subfield>
    <subfield code="d">2012-06-21</subfield>
    <subfield code="e">RBC/28006/09.03.2012/26/18.01.2012/21.03.2012</subfield>
    <subfield code="g">485.00</subfield>
    <subfield code="l">0</subfield>
    <subfield code="o">306.60954 IND</subfield>
    <subfield code="p">B-464652</subfield>
    <subfield code="r">2012-06-21 00:00:00</subfield>
    <subfield code="t">1</subfield>
    <subfield code="v">485.00</subfield>
    <subfield code="w">2012-06-21</subfield>
    <subfield code="y">EN</subfield>
  </datafield>
  <datafield tag="952" ind1=" " ind2=" ">
    <subfield code="0">0</subfield>
    <subfield code="1">0</subfield>
    <subfield code="4">0</subfield>
    <subfield code="7">0</subfield>
    <subfield code="8">NFIC</subfield>
    <subfield code="a">JP</subfield>
    <subfield code="b">JP</subfield>
    <subfield code="d">2012-06-21</subfield>
    <subfield code="e">RBC/28006/09.03.2012/26/18.01.2012/21.03.2012</subfield>
    <subfield code="g">485.00</subfield>
    <subfield code="l">3</subfield>
    <subfield code="m">1</subfield>
    <subfield code="o">306.60954 IND</subfield>
    <subfield code="p">B-464653</subfield>
    <subfield code="r">2017-01-21 00:00:00</subfield>
    <subfield code="s">2017-01-07</subfield>
    <subfield code="t">1</subfield>
    <subfield code="v">485.00</subfield>
    <subfield code="w">2012-06-21</subfield>
    <subfield code="y">EN</subfield>
  </datafield>
  <datafield tag="952" ind1=" " ind2=" ">
    <subfield code="0">0</subfield>
    <subfield code="1">0</subfield>
    <subfield code="4">0</subfield>
    <subfield code="7">0</subfield>
    <subfield code="8">NFIC</subfield>
    <subfield code="a">ZLS</subfield>
    <subfield code="b">ZLS</subfield>
    <subfield code="d">2012-06-21</subfield>
    <subfield code="e">RBC/28006/09.03.2012/26/18.01.2012/21.03.2012</subfield>
    <subfield code="g">485.00</subfield>
    <subfield code="l">2</subfield>
    <subfield code="o">306.60954 IND</subfield>
    <subfield code="p">B-464654</subfield>
    <subfield code="r">2025-12-13 00:00:00</subfield>
    <subfield code="s">2025-11-29</subfield>
    <subfield code="t">1</subfield>
    <subfield code="v">485.00</subfield>
    <subfield code="w">2012-06-21</subfield>
    <subfield code="y">EN</subfield>
  </datafield>
  <datafield tag="952" ind1=" " ind2=" ">
    <subfield code="0">0</subfield>
    <subfield code="1">0</subfield>
    <subfield code="4">0</subfield>
    <subfield code="7">0</subfield>
    <subfield code="8">NFIC</subfield>
    <subfield code="a">RKP</subfield>
    <subfield code="b">RKP</subfield>
    <subfield code="d">2012-06-21</subfield>
    <subfield code="e">RBC/28006/09.03.2012/26/18.01.2012/21.03.2012</subfield>
    <subfield code="g">485.00</subfield>
    <subfield code="l">0</subfield>
    <subfield code="o">306.60954 IND</subfield>
    <subfield code="p">B-464655</subfield>
    <subfield code="r">2012-06-21 00:00:00</subfield>
    <subfield code="t">1</subfield>
    <subfield code="v">485.00</subfield>
    <subfield code="w">2012-06-21</subfield>
    <subfield code="y">EN</subfield>
  </datafield>
  <datafield tag="952" ind1=" " ind2=" ">
    <subfield code="0">0</subfield>
    <subfield code="1">0</subfield>
    <subfield code="4">0</subfield>
    <subfield code="7">0</subfield>
    <subfield code="8">NFIC</subfield>
    <subfield code="a">AG</subfield>
    <subfield code="b">AG</subfield>
    <subfield code="d">2012-06-21</subfield>
    <subfield code="e">RBC/28006/09.03.2012/26/18.01.2012/21.03.2012</subfield>
    <subfield code="g">485.00</subfield>
    <subfield code="l">1</subfield>
    <subfield code="o">306.60954 IND</subfield>
    <subfield code="p">B-464656</subfield>
    <subfield code="r">2019-04-08 00:00:00</subfield>
    <subfield code="s">2019-03-18</subfield>
    <subfield code="t">1</subfield>
    <subfield code="v">485.00</subfield>
    <subfield code="w">2012-06-21</subfield>
    <subfield code="y">EN</subfield>
  </datafield>
  <datafield tag="952" ind1=" " ind2=" ">
    <subfield code="0">0</subfield>
    <subfield code="1">0</subfield>
    <subfield code="4">0</subfield>
    <subfield code="7">0</subfield>
    <subfield code="8">NFIC</subfield>
    <subfield code="a">SP</subfield>
    <subfield code="b">SP</subfield>
    <subfield code="d">2012-06-21</subfield>
    <subfield code="e">RBC/28006/09.03.2012/26/18.01.2012/21.03.2012</subfield>
    <subfield code="g">485.00</subfield>
    <subfield code="l">0</subfield>
    <subfield code="o">306.60954 IND</subfield>
    <subfield code="p">B-464657</subfield>
    <subfield code="r">2012-06-21 00:00:00</subfield>
    <subfield code="t">1</subfield>
    <subfield code="v">485.00</subfield>
    <subfield code="w">2012-06-21</subfield>
    <subfield code="y">EN</subfield>
  </datafield>
  <datafield tag="952" ind1=" " ind2=" ">
    <subfield code="0">0</subfield>
    <subfield code="1">0</subfield>
    <subfield code="4">0</subfield>
    <subfield code="7">0</subfield>
    <subfield code="8">NFIC</subfield>
    <subfield code="a">VP</subfield>
    <subfield code="b">VP</subfield>
    <subfield code="d">2012-06-21</subfield>
    <subfield code="e">RBC/28006/09.03.2012/26/18.01.2012/21.03.2012</subfield>
    <subfield code="g">485.00</subfield>
    <subfield code="l">3</subfield>
    <subfield code="o">306.60954 IND</subfield>
    <subfield code="p">B-464658</subfield>
    <subfield code="r">2018-05-26 00:00:00</subfield>
    <subfield code="s">2018-05-14</subfield>
    <subfield code="t">1</subfield>
    <subfield code="v">485.00</subfield>
    <subfield code="w">2012-06-21</subfield>
    <subfield code="y">EN</subfield>
  </datafield>
  <datafield tag="952" ind1=" " ind2=" ">
    <subfield code="0">0</subfield>
    <subfield code="1">0</subfield>
    <subfield code="4">0</subfield>
    <subfield code="7">0</subfield>
    <subfield code="8">NFIC</subfield>
    <subfield code="a">BL3</subfield>
    <subfield code="b">BL3</subfield>
    <subfield code="d">2012-06-21</subfield>
    <subfield code="e">RBC/28006/09.03.2012/26/18.01.2012/21.03.2012</subfield>
    <subfield code="g">485.00</subfield>
    <subfield code="l">0</subfield>
    <subfield code="o">306.60954 IND</subfield>
    <subfield code="p">B-464659</subfield>
    <subfield code="r">2012-06-21 00:00:00</subfield>
    <subfield code="t">1</subfield>
    <subfield code="v">485.00</subfield>
    <subfield code="w">2012-06-21</subfield>
    <subfield code="y">EN</subfield>
  </datafield>
  <datafield tag="952" ind1=" " ind2=" ">
    <subfield code="0">0</subfield>
    <subfield code="1">0</subfield>
    <subfield code="4">0</subfield>
    <subfield code="7">0</subfield>
    <subfield code="8">NFIC</subfield>
    <subfield code="a">NR</subfield>
    <subfield code="b">NR</subfield>
    <subfield code="d">2012-06-21</subfield>
    <subfield code="e">RBC/28006/09.03.2012/26/18.01.2012/21.03.2012</subfield>
    <subfield code="g">485.00</subfield>
    <subfield code="l">0</subfield>
    <subfield code="o">306.60954 IND</subfield>
    <subfield code="p">B-464660</subfield>
    <subfield code="r">2012-06-21 00:00:00</subfield>
    <subfield code="t">1</subfield>
    <subfield code="v">485.00</subfield>
    <subfield code="w">2012-06-21</subfield>
    <subfield code="y">EN</subfield>
  </datafield>
  <datafield tag="952" ind1=" " ind2=" ">
    <subfield code="0">0</subfield>
    <subfield code="1">0</subfield>
    <subfield code="4">0</subfield>
    <subfield code="7">0</subfield>
    <subfield code="8">NFIC</subfield>
    <subfield code="a">BN</subfield>
    <subfield code="b">BN</subfield>
    <subfield code="d">2012-06-21</subfield>
    <subfield code="e">RBC/28006/09.03.2012/26/18.01.2012/21.03.2012</subfield>
    <subfield code="g">485.00</subfield>
    <subfield code="l">0</subfield>
    <subfield code="o">306.60954 IND</subfield>
    <subfield code="p">B-464661</subfield>
    <subfield code="r">2012-06-21 00:00:00</subfield>
    <subfield code="t">1</subfield>
    <subfield code="v">485.00</subfield>
    <subfield code="w">2012-06-21</subfield>
    <subfield code="y">EN</subfield>
  </datafield>
  <datafield tag="952" ind1=" " ind2=" ">
    <subfield code="0">0</subfield>
    <subfield code="1">0</subfield>
    <subfield code="4">0</subfield>
    <subfield code="7">0</subfield>
    <subfield code="8">NFIC</subfield>
    <subfield code="a">BL4</subfield>
    <subfield code="b">BL4</subfield>
    <subfield code="d">2012-06-21</subfield>
    <subfield code="e">RBC/28006/09.03.2012/26/18.01.2012/21.03.2012</subfield>
    <subfield code="g">485.00</subfield>
    <subfield code="l">1</subfield>
    <subfield code="m">2</subfield>
    <subfield code="o">306.60954 IND</subfield>
    <subfield code="p">B-464662</subfield>
    <subfield code="r">2020-01-25 00:00:00</subfield>
    <subfield code="s">2019-12-14</subfield>
    <subfield code="t">1</subfield>
    <subfield code="v">485.00</subfield>
    <subfield code="w">2012-06-21</subfield>
    <subfield code="y">EN</subfield>
  </datafield>
  <datafield tag="952" ind1=" " ind2=" ">
    <subfield code="0">0</subfield>
    <subfield code="1">0</subfield>
    <subfield code="4">0</subfield>
    <subfield code="7">0</subfield>
    <subfield code="8">NFIC</subfield>
    <subfield code="a">YV</subfield>
    <subfield code="b">YV</subfield>
    <subfield code="d">2012-06-21</subfield>
    <subfield code="e">RBC/28006/09.03.2012/26/18.01.2012/21.03.2012</subfield>
    <subfield code="g">485.00</subfield>
    <subfield code="l">1</subfield>
    <subfield code="m">1</subfield>
    <subfield code="o">306.60954 IND</subfield>
    <subfield code="p">B-464663</subfield>
    <subfield code="r">2021-08-07 00:00:00</subfield>
    <subfield code="s">2021-07-22</subfield>
    <subfield code="t">1</subfield>
    <subfield code="v">485.00</subfield>
    <subfield code="w">2012-06-21</subfield>
    <subfield code="y">EN</subfield>
  </datafield>
</record>
